[Event "SVK-chT2C 1415"]
[Site "Slovakia"]
[Date "2014.11.09"]
[Round "4.7"]
[White "Luptak, Pavol"]
[Black "Hyll, Jan"]
[Result "1-0"]
[WhiteElo "2018"]
[BlackElo "1897"]
[PlyCount "69"]
[EventDate "2014.10.11"]
[EventType "team-tourn"]
[EventRounds "11"]
[EventCountry "SVK"]
[SourceTitle "EXT 2016"]
[Source "ChessBase"]
[SourceDate "2015.10.08"]
[SourceVersion "1"]
[SourceVersionDate "2015.10.08"]
[SourceQuality "1"]
[WhiteTeam "Banska Bystrica Kurta"]
[BlackTeam "Dolny Kubin II"]
[WhiteTeamCountry "SVK"]
[BlackTeamCountry "SVK"]

1. e4 d5 2. e5 c5 3. c3 Bf5 4. d4 e6 5. Nf3 Nc6 6. Be2 cxd4 7. cxd4 Bxb1 8. Rxb1 Bb4+ 9. Kf1 Nge7 10. g4 h5 11. gxh5 Nf5 12. h6 Nxh6 13. Rg1 Nf5 14. Rg4 g6 15. a3 Be7 16. Bd3 Nh4 17. Nxh4 Rxh4 18. Rxh4 Bxh4 19. Qg4 Be7 20. Be3 a6 21. Bxg6 fxg6 22. Qxe6 Qd7 23. Qxg6+ Kd8 24. Qg8+ Kc7 25. Qxa8 Qf5 26. Rc1 Bg5 27. Bxg5 Qxg5 28. Rc3 Qf4 29. Qg8 Qxd4 30. Qf7+ Kb6 31. Qf3 Kc7 32. e6 Qd2 33. e7 d4 34. Rxc6+ bxc6 35. e8Q 1-0